header

The drama of masculinity and medieval English guild culture (Record no. 114555)

MARC details
000 -LEADER
fixed length control field 01518nam a2200373Ia 4500
082 04 - DEWEY DECIMAL CLASSIFICATION NUMBER
Classification number 307.76081/0942
100 1# - MAIN ENTRY--AUTHOR NAME
Personal name Fitzgerald, Christina Marie.
245 14 - TITLE STATEMENT
Title The drama of masculinity and medieval English guild culture
260 ## - PUBLICATION, DISTRIBUTION, ETC. (IMPRINT)
Place of publication Basingstoke, Hampshire :
Name of publisher Palgrave Macmillan,
Year of publication 2007.
300 ## - PHYSICAL DESCRIPTION
Number of Pages xiii, 214 p.
490 1# - SERIES STATEMENT
Series statement The new Middle Ages
650 #0 - SUBJECT ADDED ENTRY--TOPICAL TERM
Topical Term Masculinity
Topical Term Guilds
Topical Term Drama, Medieval
Topical Term Men
856 40 - ELECTRONIC LOCATION AND ACCESS
Uniform Resource Identifier http://site.ebrary.com/lib/rucke/Doc?id=10194127

No items available.

© 2026 Rongo University
Contact us: librarian | system librarian | Rongo university